00806nam a2200241Ia 450000100060000000300090000600800410001504000130005604000130006904100130008210000180009510000290011324500180014224500170016025000110017726000090018826000120019726000490020930000430025850002040030165000280050565000310053322623IT-RoPAU130308s9999 xx 000 0 und d aIT-RoPAU cIT-RoPAU aITALIANO aCaldiron Orio gCodice Aut. SPICS: 8605 aTotò (O.C.) bToto' (O.C.) a1a ed. aROMA bGremese c1983 [1° Ed.:1983 - Ed.Ling.Originale:1983] a"286 p. (prefazione: no ; testo: 286)" aMonografia su toto' Interpretazioni Cinematografiche di toto' Comicità Mimica Filmografia Commentata di toto' Interpretazioni teatrali e televisive Testimonianze su toto' Album fotografico di toto' aAUTORI/OPERE DEL CINEMA eCodice materia Spics: 6807